[Event "Manila AQ Prime op 3rd"]
[Site "Manila"]
[Date "2023.11.02"]
[Round "5"]
[White "Nolte, Rolando"]
[Black "Balquin, Alfredo Jr"]
[Result "1-0"]
[WhiteElo "2321"]
[BlackElo "1984"]
[PlyCount "69"]
[EventDate "2023.10.28"]
[EventType "swiss"]
[EventRounds "9"]
[EventCountry "PHI"]
[SourceTitle "CB46_2023"]
[SourceDate "2023.11.15"]
[SourceVersion "1"]
[SourceVersionDate "2023.11.15"]
[SourceQuality "1"]

1. e4 e6 2. d4 d5 3. Nc3 Bb4 4. e5 c5 5. Bd2 Ne7 6. Nb5 Bxd2+ 7. Qxd2 0-0 8. dxc5 Bd7 9. Nd4 Qc7 10. Ngf3 Qxc5 11. Bd3 Nbc6 12. c3 f6 13. b4 Qb6 14. exf6 Rxf6 15. 0-0 Qc7 16. Rae1 h6 17. Nxc6 bxc6 18. Ne5 Raf8 19. Qe3 Bc8 20. Qc5 Bb7 21. Ng4 R6f7 22. Ne5 Rf6 23. f3 h5 24. Re2 Qb6 25. Nd7 Qxc5+ 26. bxc5 Bc8 27. Nxf8 Rxf8 28. Rb1 Kf7 29. Rb8 Ng8 30. Ra8 Nf6 31. Rxa7+ Nd7 32. Rb2 Kf6 33. Ra8 Ke5 34. Bf1 d4 35. cxd4+ 1-0